00698nam a2200229 a 4500001000800000005001700008008004100025010001700066020001500083040001300098041000800111080002000119082002400139100000700163101000800170245004600178504005100224906004500275942001200320999001700332952011900349405036820180215034748.0990128s1998 maua b 001 0 eng  a 99166750  a0536007586 aDLCcDLC aeng a658.30089 nor00a658.30089 nor2212 a54 aman10aManaging diversity :cNorma Carr-Ruffino. aIncludes bibliographical references and index. a7bcbccorignewd2encipf19gy-gencatlg 2ddccBK c42585d42585 00102ddc40708PËKGa002b002cPËKGd2018-02-15l0o658.30089 norp002-2998212r2018-02-15w2018-02-15yBK